000 00268pab a2200109 454500
008 180718b xxu||||| |||| 00| 0 eng d
100 _aGajra, P.K.
245 _aBanking & Financial System
650 _aFinancial Institution
773 _aFinancial Express
909 _a23428
999 _c23428
_d23428